000
00293nam a2200109Ia 4500
008
230907s9999||||xx |||||||||||||| ||und||
082
_a
621.395,KAU
100
_a
Kaushik, Brajesh Kumar
_9
115172
245
0
_a
Carbon nanotube based VLSI interconnects:
300
_a
xi, 86 pages.:
942
_c
BK
999
_c
597761
_d
597761